Essays and other writings /

Hlavní autor: Thoreau, Henry David, 1817-1862
Další autoři: Dircks, Will H.
Jazyk: Angličtina
Vydáno: London : Scott, [mezi 1900-1909?]
Fyzický popis: xv, 271 s.
Knihy
Uloženo v:
LEADER 00707nam a22002172a 4500
001 001863230
003 CZ BrMZK
005 20230725091338.0
007 ta
008 230623q19001909xxk er|||||||||||eng d
040 |a BOA001  |b cze  |e aacr2 
100 1 |a Thoreau, Henry David,  |d 1817-1862  |7 jn20000605316  |4 aut 
245 1 0 |a Essays and other writings /  |c of Henry Thoreau ; edited, with a prefatory note, by Will H. Dircks 
260 |a London :  |b Scott,  |c [mezi 1900-1909?] 
300 |a xv, 271 s. 
700 1 |a Dircks, Will H.  |4 wfw  |4 edt 
910 |a BOA001  |b 1-0213.143 
990 |a BK 
993 |a Y 
991 |b 202307 
996 6 |b BC-2417112  |c 1-0213.143  |l MZK  |r Sklad / do 1 hodiny  |n 0  |w 001930510  |u 000010  |a 1  |e BOA001  |j MZK50  |s P